000 00539nam a2200181Ia 4500
005 20250326125324.0
008 250326s9999 xx 000 0 und d
037 _aTextbook
040 _aFMSL
_beng
_cFMSL
041 _aeng
_2eng
084 _aX8(A).1 L9
_qFMSL
100 _aMiller V A
_9738874
245 0 _aGuide book for international trainers in business and industry
_cMiller V A
260 _aLondon
_bLondon, Van Nostrand Reinhold
_c1979
300 _a249p
942 _cTB
_hX8(A).1 L9
999 _c1277522
_d1277522